<?xml version="1.0" encoding="UTF-8"?>
<collection xmlns="http://www.loc.gov/MARC21/slim">
 <record>
  <leader>16077nas a22017535  4500</leader>
  <controlfield tag="001">1/50330</controlfield>
  <controlfield tag="008">020911c18839999gr brzp           g0gre d</controlfield>
  <datafield tag="035" ind1=" " ind2=" ">
   <subfield code="l">23977</subfield>
  </datafield>
  <datafield tag="040" ind1=" " ind2=" ">
   <subfield code="a">GR-PeUP</subfield>
  </datafield>
  <datafield tag="090" ind1=" " ind2=" ">
   <subfield code="a">Αλφαβητική σειρά</subfield>
  </datafield>
  <datafield tag="245" ind1="0" ind2="0">
   <subfield code="a">Στρατιωτική επιθεώρηση</subfield>
  </datafield>
  <datafield tag="260" ind1=" " ind2=" ">
   <subfield code="a">Αθήνα :</subfield>
   <subfield code="b">ΓΕΣ,</subfield>
   <subfield code="c">1883-</subfield>
  </datafield>
  <datafield tag="300" ind1=" " ind2=" ">
   <subfield code="a">τ. ;</subfield>
   <subfield code="c">24 εκ.</subfield>
  </datafield>
  <datafield tag="310" ind1=" " ind2=" ">
   <subfield code="a">Διμηνιαίο</subfield>
  </datafield>
  <datafield tag="321" ind1=" " ind2=" ">
   <subfield code="a">Μηνιαίο,</subfield>
   <subfield code="b">1976-1988</subfield>
  </datafield>
  <datafield tag="362" ind1="0" ind2=" ">
   <subfield code="a">Τχ.(Δεκ. 1976)-τχ.6(Νοέμ./Δεκ. 2003)</subfield>
  </datafield>
  <datafield tag="362" ind1="0" ind2=" ">
   <subfield code="a">Τχ.1(Ιαν./Φεβρ. 2004)-</subfield>
  </datafield>
  <datafield tag="546" ind1=" " ind2=" ">
   <subfield code="a">Ελληνική</subfield>
  </datafield>
  <datafield tag="650" ind1=" " ind2="4">
   <subfield code="a">Στρατιωτική Ιστορία</subfield>
   <subfield code="v">Περιοδικά.</subfield>
  </datafield>
  <datafield tag="710" ind1="2" ind2=" ">
   <subfield code="a">Ελλάδα.</subfield>
   <subfield code="b">Στρατός.</subfield>
   <subfield code="b">Γενικό Επιτελείο.</subfield>
  </datafield>
  <datafield tag="852" ind1=" " ind2=" ">
   <subfield code="a">INST</subfield>
   <subfield code="b">UNIPILB</subfield>
   <subfield code="c">SERIALS</subfield>
   <subfield code="e">20041209</subfield>
   <subfield code="h">Αλφαβητική σειρά</subfield>
   <subfield code="p">38297</subfield>
   <subfield code="q">38297</subfield>
   <subfield code="t">NOLOAN</subfield>
   <subfield code="v">τεύχ.1:(Μήνες)Ιαν./Φεβ.;(Έτος)2004</subfield>
   <subfield code="y">23</subfield>
  </datafield>
  <datafield tag="852" ind1=" " ind2=" ">
   <subfield code="a">INST</subfield>
   <subfield code="b">UNIPILB</subfield>
   <subfield code="c">SERIALS</subfield>
   <subfield code="e">20041209</subfield>
   <subfield code="h">Αλφαβητική σειρά</subfield>
   <subfield code="p">38298</subfield>
   <subfield code="q">38298</subfield>
   <subfield code="t">NOLOAN</subfield>
   <subfield code="v">τεύχ.2:(Μήνες)Μάρ./Απρ.;(Έτος)2004</subfield>
   <subfield code="y">23</subfield>
  </datafield>
  <datafield tag="852" ind1=" " ind2=" ">
   <subfield code="a">INST</subfield>
   <subfield code="b">UNIPILB</subfield>
   <subfield code="c">SERIALS</subfield>
   <subfield code="e">20041209</subfield>
   <subfield code="h">Αλφαβητική σειρά</subfield>
   <subfield code="p">38299</subfield>
   <subfield code="q">38299</subfield>
   <subfield code="t">NOLOAN</subfield>
   <subfield code="v">τεύχ.3:(Μήνες)Μάιος/Ιούν.;(Έτος)2004</subfield>
   <subfield code="y">23</subfield>
  </datafield>
  <datafield tag="852" ind1=" " ind2=" ">
   <subfield code="a">INST</subfield>
   <subfield code="b">UNIPILB</subfield>
   <subfield code="c">SERIALS</subfield>
   <subfield code="e">20041209</subfield>
   <subfield code="h">Αλφαβητική σειρά</subfield>
   <subfield code="p">38300</subfield>
   <subfield code="q">38300</subfield>
   <subfield code="t">NOLOAN</subfield>
   <subfield code="v">τεύχ.4:(Μήνες)Ιούλ./Αύγ.;(Έτος)2004</subfield>
   <subfield code="y">23</subfield>
  </datafield>
  <datafield tag="852" ind1=" " ind2=" ">
   <subfield code="a">INST</subfield>
   <subfield code="b">UNIPILB</subfield>
   <subfield code="c">SERIALS</subfield>
   <subfield code="e">20041209</subfield>
   <subfield code="h">Αλφαβητική σειρά</subfield>
   <subfield code="p">38301</subfield>
   <subfield code="q">38301</subfield>
   <subfield code="t">NOLOAN</subfield>
   <subfield code="v">τεύχ.5:(Μήνες)Σεπ./Οκτ.;(Έτος)2004</subfield>
   <subfield code="y">23</subfield>
  </datafield>
  <datafield tag="852" ind1=" " ind2=" ">
   <subfield code="a">INST</subfield>
   <subfield code="b">UNIPILB</subfield>
   <subfield code="c">SERIALS</subfield>
   <subfield code="e">20041209</subfield>
   <subfield code="h">Αλφαβητική σειρά</subfield>
   <subfield code="p">38302</subfield>
   <subfield code="q">38302</subfield>
   <subfield code="t">NOLOAN</subfield>
   <subfield code="v">τεύχ.6:(Μήνες)Νοέμ./Δεκ.;(Έτος)2004</subfield>
   <subfield code="y">23</subfield>
  </datafield>
  <datafield tag="852" ind1=" " ind2=" ">
   <subfield code="a">INST</subfield>
   <subfield code="b">UNIPILB</subfield>
   <subfield code="c">SERIALS</subfield>
   <subfield code="e">20050208</subfield>
   <subfield code="h">Αλφαβητική σειρά</subfield>
   <subfield code="p">39783</subfield>
   <subfield code="q">39783</subfield>
   <subfield code="t">NOLOAN</subfield>
   <subfield code="v">τεύχ.1:(Μήνες)Ιαν./Φεβ.;(Έτος)2005</subfield>
   <subfield code="y">23</subfield>
  </datafield>
  <datafield tag="852" ind1=" " ind2=" ">
   <subfield code="a">INST</subfield>
   <subfield code="b">UNIPILB</subfield>
   <subfield code="c">SERIALS</subfield>
   <subfield code="e">20050331</subfield>
   <subfield code="h">Αλφαβητική σειρά</subfield>
   <subfield code="p">41812</subfield>
   <subfield code="q">41812</subfield>
   <subfield code="t">NOLOAN</subfield>
   <subfield code="v">τεύχ.2:(Μήνες)Μάρ./Απρ.;(Έτος)2005</subfield>
   <subfield code="y">23</subfield>
  </datafield>
  <datafield tag="852" ind1=" " ind2=" ">
   <subfield code="a">INST</subfield>
   <subfield code="b">UNIPILB</subfield>
   <subfield code="c">SERIALS</subfield>
   <subfield code="e">20050524</subfield>
   <subfield code="h">Αλφαβητική σειρά</subfield>
   <subfield code="p">43523</subfield>
   <subfield code="q">43523</subfield>
   <subfield code="t">NOLOAN</subfield>
   <subfield code="v">τεύχ.3:(Μήνες)Μάιος/Ιούν.;(Έτος)2005</subfield>
   <subfield code="y">23</subfield>
  </datafield>
  <datafield tag="852" ind1=" " ind2=" ">
   <subfield code="a">INST</subfield>
   <subfield code="b">UNIPILB</subfield>
   <subfield code="c">SERIALS</subfield>
   <subfield code="e">20050824</subfield>
   <subfield code="h">Αλφαβητική σειρά</subfield>
   <subfield code="p">45490</subfield>
   <subfield code="q">45490</subfield>
   <subfield code="t">NOLOAN</subfield>
   <subfield code="v">τεύχ.4:(Μήνες)Ιούλ./Αύγ.;(Έτος)2005</subfield>
   <subfield code="y">23</subfield>
  </datafield>
  <datafield tag="852" ind1=" " ind2=" ">
   <subfield code="a">INST</subfield>
   <subfield code="b">UNIPILB</subfield>
   <subfield code="c">SERIALS</subfield>
   <subfield code="e">20051020</subfield>
   <subfield code="h">Αλφαβητική σειρά</subfield>
   <subfield code="p">47833</subfield>
   <subfield code="q">47833</subfield>
   <subfield code="t">NOLOAN</subfield>
   <subfield code="v">τεύχ.5:(Μήνες)Σεπ./Οκτ.;(Έτος)2005</subfield>
   <subfield code="y">23</subfield>
  </datafield>
  <datafield tag="852" ind1=" " ind2=" ">
   <subfield code="a">INST</subfield>
   <subfield code="b">UNIPILB</subfield>
   <subfield code="c">SERIALS</subfield>
   <subfield code="e">20051219</subfield>
   <subfield code="h">Αλφαβητική σειρά</subfield>
   <subfield code="p">49228</subfield>
   <subfield code="q">49228</subfield>
   <subfield code="t">NOLOAN</subfield>
   <subfield code="v">τεύχ.6:(Μήνες)Νοέμ./Δεκ.;(Έτος)2005</subfield>
   <subfield code="y">23</subfield>
  </datafield>
  <datafield tag="852" ind1=" " ind2=" ">
   <subfield code="a">INST</subfield>
   <subfield code="b">UNIPILB</subfield>
   <subfield code="c">SERIALS</subfield>
   <subfield code="e">20060328</subfield>
   <subfield code="h">Αλφαβητική σειρά</subfield>
   <subfield code="p">51002</subfield>
   <subfield code="q">51002</subfield>
   <subfield code="t">NOLOAN</subfield>
   <subfield code="v">τεύχ.1:(Μήνες)Ιαν./Φεβ.;(Έτος)2006</subfield>
   <subfield code="y">23</subfield>
  </datafield>
  <datafield tag="852" ind1=" " ind2=" ">
   <subfield code="a">INST</subfield>
   <subfield code="b">UNIPILB</subfield>
   <subfield code="c">SERIALS</subfield>
   <subfield code="e">20060516</subfield>
   <subfield code="h">Αλφαβητική σειρά</subfield>
   <subfield code="p">51484</subfield>
   <subfield code="q">51484</subfield>
   <subfield code="t">NOLOAN</subfield>
   <subfield code="v">τεύχ.2:(Μήνες)Μάρ./Απρ.;(Έτος)2006</subfield>
   <subfield code="y">23</subfield>
  </datafield>
  <datafield tag="852" ind1=" " ind2=" ">
   <subfield code="a">INST</subfield>
   <subfield code="b">UNIPILB</subfield>
   <subfield code="c">SERIALS</subfield>
   <subfield code="e">20060712</subfield>
   <subfield code="h">Αλφαβητική σειρά</subfield>
   <subfield code="p">51927</subfield>
   <subfield code="q">51927</subfield>
   <subfield code="t">NOLOAN</subfield>
   <subfield code="v">τεύχ.3:(Μήνες)Μάιος/Ιούν.;(Έτος)2006</subfield>
   <subfield code="y">23</subfield>
  </datafield>
  <datafield tag="852" ind1=" " ind2=" ">
   <subfield code="a">INST</subfield>
   <subfield code="b">UNIPILB</subfield>
   <subfield code="c">SERIALS</subfield>
   <subfield code="e">20060919</subfield>
   <subfield code="h">Αλφαβητική σειρά</subfield>
   <subfield code="p">52787</subfield>
   <subfield code="q">52787</subfield>
   <subfield code="t">NOLOAN</subfield>
   <subfield code="v">τεύχ.4:(Μήνες)Ιούλ./Αύγ.;(Έτος)2006</subfield>
   <subfield code="y">23</subfield>
  </datafield>
  <datafield tag="852" ind1=" " ind2=" ">
   <subfield code="a">INST</subfield>
   <subfield code="b">UNIPILB</subfield>
   <subfield code="c">SERIALS</subfield>
   <subfield code="e">20061031</subfield>
   <subfield code="h">Αλφαβητική σειρά</subfield>
   <subfield code="p">53348</subfield>
   <subfield code="q">53348</subfield>
   <subfield code="t">NOLOAN</subfield>
   <subfield code="v">τεύχ.5:(Μήνες)Σεπ./Οκτ.;(Έτος)2006</subfield>
   <subfield code="y">23</subfield>
  </datafield>
  <datafield tag="852" ind1=" " ind2=" ">
   <subfield code="a">INST</subfield>
   <subfield code="b">UNIPILB</subfield>
   <subfield code="c">SERIALS</subfield>
   <subfield code="e">20070412</subfield>
   <subfield code="h">Αλφαβητική σειρά</subfield>
   <subfield code="p">55212</subfield>
   <subfield code="q">55212</subfield>
   <subfield code="t">NOLOAN</subfield>
   <subfield code="v">τεύχ.6:(Μήνες)Νοέμ./Δεκ.;(Έτος)2006</subfield>
   <subfield code="y">23</subfield>
  </datafield>
  <datafield tag="852" ind1=" " ind2=" ">
   <subfield code="a">INST</subfield>
   <subfield code="b">UNIPILB</subfield>
   <subfield code="c">SERIALS</subfield>
   <subfield code="e">20070823</subfield>
   <subfield code="h">Αλφαβητική σειρά</subfield>
   <subfield code="p">56502</subfield>
   <subfield code="q">56502</subfield>
   <subfield code="t">NOLOAN</subfield>
   <subfield code="v">τεύχ.1:(Μήνες)Ιαν./Φεβ.;(Έτος)2007</subfield>
   <subfield code="y">23</subfield>
  </datafield>
  <datafield tag="852" ind1=" " ind2=" ">
   <subfield code="a">INST</subfield>
   <subfield code="b">UNIPILB</subfield>
   <subfield code="c">SERIALS</subfield>
   <subfield code="e">20070823</subfield>
   <subfield code="h">Αλφαβητική σειρά</subfield>
   <subfield code="p">56503</subfield>
   <subfield code="q">56503</subfield>
   <subfield code="t">NOLOAN</subfield>
   <subfield code="v">τεύχ.3:(Μήνες)Μάιος/Ιούν.;(Έτος)2007</subfield>
   <subfield code="y">23</subfield>
  </datafield>
  <datafield tag="852" ind1=" " ind2=" ">
   <subfield code="a">INST</subfield>
   <subfield code="b">UNIPILB</subfield>
   <subfield code="c">SERIALS</subfield>
   <subfield code="e">20070823</subfield>
   <subfield code="h">Αλφαβητική σειρά</subfield>
   <subfield code="p">56504</subfield>
   <subfield code="q">56504</subfield>
   <subfield code="t">NOLOAN</subfield>
   <subfield code="v">τεύχ.4:(Μήνες)Ιούλ./Αύγ.;(Έτος)2007</subfield>
   <subfield code="y">23</subfield>
  </datafield>
  <datafield tag="852" ind1=" " ind2=" ">
   <subfield code="a">INST</subfield>
   <subfield code="b">UNIPILB</subfield>
   <subfield code="c">SERIALS</subfield>
   <subfield code="e">20071127</subfield>
   <subfield code="h">Αλφαβητική σειρά</subfield>
   <subfield code="p">58588</subfield>
   <subfield code="q">58588</subfield>
   <subfield code="t">NOLOAN</subfield>
   <subfield code="v">τεύχ.5:(Μήνες)Σεπ./Οκτ.;(Έτος)2007</subfield>
   <subfield code="y">23</subfield>
  </datafield>
  <datafield tag="852" ind1=" " ind2=" ">
   <subfield code="a">INST</subfield>
   <subfield code="b">UNIPILB</subfield>
   <subfield code="c">SERIALS</subfield>
   <subfield code="e">20071127</subfield>
   <subfield code="h">Αλφαβητική σειρά</subfield>
   <subfield code="p">58589</subfield>
   <subfield code="q">58589</subfield>
   <subfield code="t">NOLOAN</subfield>
   <subfield code="v">τεύχ.2:(Μήνες)Μάρ./Απρ.;(Έτος)2007</subfield>
   <subfield code="y">23</subfield>
  </datafield>
  <datafield tag="852" ind1=" " ind2=" ">
   <subfield code="a">INST</subfield>
   <subfield code="b">UNIPILB</subfield>
   <subfield code="c">SERIALS</subfield>
   <subfield code="e">20071128</subfield>
   <subfield code="h">Αλφαβητική σειρά</subfield>
   <subfield code="p">58606</subfield>
   <subfield code="q">58606</subfield>
   <subfield code="t">NOLOAN</subfield>
   <subfield code="v">τεύχ.6:(Μήνες)Νοέμ./Δεκ.;(Έτος)2007</subfield>
   <subfield code="y">23</subfield>
  </datafield>
  <datafield tag="852" ind1=" " ind2=" ">
   <subfield code="a">INST</subfield>
   <subfield code="b">UNIPILB</subfield>
   <subfield code="c">SERIALS</subfield>
   <subfield code="e">20080404</subfield>
   <subfield code="h">Αλφαβητική σειρά</subfield>
   <subfield code="p">60465</subfield>
   <subfield code="q">60465</subfield>
   <subfield code="t">NOLOAN</subfield>
   <subfield code="v">τεύχ.1:(Μήνες)Ιαν./Φεβ.;(Έτος)2008</subfield>
   <subfield code="y">23</subfield>
  </datafield>
  <datafield tag="852" ind1=" " ind2=" ">
   <subfield code="a">INST</subfield>
   <subfield code="b">UNIPILB</subfield>
   <subfield code="c">SERIALS</subfield>
   <subfield code="e">20080404</subfield>
   <subfield code="h">Αλφαβητική σειρά</subfield>
   <subfield code="p">60466</subfield>
   <subfield code="q">60466</subfield>
   <subfield code="t">NOLOAN</subfield>
   <subfield code="v">τεύχ.2:(Μήνες)Μάρ./Απρ.;(Έτος)2008</subfield>
   <subfield code="y">23</subfield>
  </datafield>
  <datafield tag="852" ind1=" " ind2=" ">
   <subfield code="a">INST</subfield>
   <subfield code="b">UNIPILB</subfield>
   <subfield code="c">SERIALS</subfield>
   <subfield code="e">20080611</subfield>
   <subfield code="h">Αλφαβητική σειρά</subfield>
   <subfield code="p">60721</subfield>
   <subfield code="q">60721</subfield>
   <subfield code="t">NOLOAN</subfield>
   <subfield code="v">τεύχ.3:(Μήνες)Μάιος/Ιούν.;(Έτος)2008</subfield>
   <subfield code="y">23</subfield>
  </datafield>
  <datafield tag="852" ind1=" " ind2=" ">
   <subfield code="a">INST</subfield>
   <subfield code="b">UNIPILB</subfield>
   <subfield code="c">SERIALS</subfield>
   <subfield code="e">20080908</subfield>
   <subfield code="h">Αλφαβητική σειρά</subfield>
   <subfield code="p">61416</subfield>
   <subfield code="q">61416</subfield>
   <subfield code="t">NOLOAN</subfield>
   <subfield code="v">τεύχ.4:(Μήνες)Ιούλ./Αύγ.;(Έτος)2008</subfield>
   <subfield code="y">23</subfield>
  </datafield>
  <datafield tag="852" ind1=" " ind2=" ">
   <subfield code="a">INST</subfield>
   <subfield code="b">UNIPILB</subfield>
   <subfield code="c">SERIALS</subfield>
   <subfield code="e">20081007</subfield>
   <subfield code="h">Αλφαβητική σειρά</subfield>
   <subfield code="p">61710</subfield>
   <subfield code="q">61710</subfield>
   <subfield code="t">NOLOAN</subfield>
   <subfield code="v">τεύχ.5:(Μήνες)Σεπ./Οκτ.;(Έτος)2008</subfield>
   <subfield code="y">23</subfield>
  </datafield>
  <datafield tag="852" ind1=" " ind2=" ">
   <subfield code="a">INST</subfield>
   <subfield code="b">UNIPILB</subfield>
   <subfield code="c">SERIALS</subfield>
   <subfield code="e">20090901</subfield>
   <subfield code="h">Αλφαβητική σειρά</subfield>
   <subfield code="p">64536</subfield>
   <subfield code="q">64536</subfield>
   <subfield code="t">NOLOAN</subfield>
   <subfield code="v">τεύχ.2:(Μήνες)Μάρ./Απρ.;(Έτος)2009</subfield>
   <subfield code="y">23</subfield>
  </datafield>
  <datafield tag="852" ind1=" " ind2=" ">
   <subfield code="a">INST</subfield>
   <subfield code="b">UNIPILB</subfield>
   <subfield code="c">SERIALS</subfield>
   <subfield code="e">20090901</subfield>
   <subfield code="h">Αλφαβητική σειρά</subfield>
   <subfield code="p">64545</subfield>
   <subfield code="q">64545</subfield>
   <subfield code="t">NOLOAN</subfield>
   <subfield code="v">τεύχ.4:(Μήνες)Ιούλ./Αύγ.;(Έτος)2009</subfield>
   <subfield code="y">23</subfield>
  </datafield>
  <datafield tag="852" ind1=" " ind2=" ">
   <subfield code="a">INST</subfield>
   <subfield code="b">UNIPILB</subfield>
   <subfield code="c">SERIALS</subfield>
   <subfield code="e">20090921</subfield>
   <subfield code="h">Αλφαβητική σειρά</subfield>
   <subfield code="p">64700</subfield>
   <subfield code="q">64700</subfield>
   <subfield code="t">NOLOAN</subfield>
   <subfield code="v">τεύχ.3:(Μήνες)Μάιος/Ιούν.;(Έτος)2009</subfield>
   <subfield code="y">23</subfield>
  </datafield>
  <datafield tag="852" ind1=" " ind2=" ">
   <subfield code="a">INST</subfield>
   <subfield code="b">UNIPILB</subfield>
   <subfield code="c">SERIALS</subfield>
   <subfield code="e">20100120</subfield>
   <subfield code="h">Αλφαβητική σειρά</subfield>
   <subfield code="p">66354</subfield>
   <subfield code="q">66354</subfield>
   <subfield code="t">NOLOAN</subfield>
   <subfield code="v">τεύχ.5:(Μήνες)Σεπ./Οκτ.;(Έτος)2009</subfield>
   <subfield code="y">23</subfield>
  </datafield>
  <datafield tag="852" ind1=" " ind2=" ">
   <subfield code="a">INST</subfield>
   <subfield code="b">UNIPILB</subfield>
   <subfield code="c">SERIALS</subfield>
   <subfield code="e">20100610</subfield>
   <subfield code="h">Αλφαβητική σειρά</subfield>
   <subfield code="p">68322</subfield>
   <subfield code="q">68322</subfield>
   <subfield code="t">NOLOAN</subfield>
   <subfield code="v">τεύχ.2:(Μήνες)Μάρ./Απρ.;(Έτος)2010</subfield>
   <subfield code="y">23</subfield>
  </datafield>
  <datafield tag="852" ind1=" " ind2=" ">
   <subfield code="a">INST</subfield>
   <subfield code="b">UNIPILB</subfield>
   <subfield code="c">SERIALS</subfield>
   <subfield code="e">20100706</subfield>
   <subfield code="h">Αλφαβητική σειρά</subfield>
   <subfield code="p">69440</subfield>
   <subfield code="q">69440</subfield>
   <subfield code="t">NOLOAN</subfield>
   <subfield code="v">τεύχ.3:(Μήνες)Μάιος/Ιούν.;(Έτος)2010</subfield>
   <subfield code="y">23</subfield>
  </datafield>
  <datafield tag="852" ind1=" " ind2=" ">
   <subfield code="a">INST</subfield>
   <subfield code="b">UNIPILB</subfield>
   <subfield code="c">SERIALS</subfield>
   <subfield code="e">20100909</subfield>
   <subfield code="h">Αλφαβητική σειρά</subfield>
   <subfield code="p">69790</subfield>
   <subfield code="q">69790</subfield>
   <subfield code="t">NOLOAN</subfield>
   <subfield code="v">τεύχ.4:(Μήνες)Ιούλ./Αύγ.;(Έτος)2010</subfield>
   <subfield code="y">23</subfield>
  </datafield>
  <datafield tag="852" ind1=" " ind2=" ">
   <subfield code="a">INST</subfield>
   <subfield code="b">UNIPILB</subfield>
   <subfield code="c">SERIALS</subfield>
   <subfield code="e">20101129</subfield>
   <subfield code="h">Αλφαβητική σειρά</subfield>
   <subfield code="p">70682</subfield>
   <subfield code="q">70682</subfield>
   <subfield code="t">NOLOAN</subfield>
   <subfield code="v">τεύχ.1:(Μήνες)Ιαν./Φεβ.;(Έτος)2009</subfield>
   <subfield code="y">23</subfield>
  </datafield>
  <datafield tag="852" ind1=" " ind2=" ">
   <subfield code="a">INST</subfield>
   <subfield code="b">UNIPILB</subfield>
   <subfield code="c">SERIALS</subfield>
   <subfield code="e">20101221</subfield>
   <subfield code="h">Αλφαβητική σειρά</subfield>
   <subfield code="p">70739</subfield>
   <subfield code="q">70739</subfield>
   <subfield code="t">NOLOAN</subfield>
   <subfield code="v">τεύχ.5:(Μήνες)Σεπ./Οκτ.;(Έτος)2010</subfield>
   <subfield code="y">23</subfield>
  </datafield>
  <datafield tag="852" ind1=" " ind2=" ">
   <subfield code="a">INST</subfield>
   <subfield code="b">UNIPILB</subfield>
   <subfield code="c">SERIALS</subfield>
   <subfield code="e">20110121</subfield>
   <subfield code="h">Αλφαβητική σειρά</subfield>
   <subfield code="p">70877</subfield>
   <subfield code="q">70877</subfield>
   <subfield code="t">NOLOAN</subfield>
   <subfield code="v">τεύχ.6:(Μήνες)Νοέμ./Δεκ.;(Έτος)2010</subfield>
   <subfield code="y">23</subfield>
  </datafield>
  <datafield tag="852" ind1=" " ind2=" ">
   <subfield code="a">INST</subfield>
   <subfield code="b">UNIPILB</subfield>
   <subfield code="c">SERIALS</subfield>
   <subfield code="e">20110330</subfield>
   <subfield code="h">Αλφαβητική σειρά</subfield>
   <subfield code="p">71505</subfield>
   <subfield code="q">71505</subfield>
   <subfield code="t">NOLOAN</subfield>
   <subfield code="v">τεύχ.1:(Μήνες)Ιαν./Φεβ.;(Έτος)2011</subfield>
   <subfield code="y">23</subfield>
  </datafield>
  <datafield tag="852" ind1=" " ind2=" ">
   <subfield code="a">INST</subfield>
   <subfield code="b">UNIPILB</subfield>
   <subfield code="c">SERIALS</subfield>
   <subfield code="e">20110420</subfield>
   <subfield code="h">Αλφαβητική σειρά</subfield>
   <subfield code="p">71692</subfield>
   <subfield code="q">71692</subfield>
   <subfield code="t">NOLOAN</subfield>
   <subfield code="v">τεύχ.2:(Μήνες)Μάρ./Απρ.;(Έτος)2011</subfield>
   <subfield code="y">23</subfield>
  </datafield>
  <datafield tag="852" ind1=" " ind2=" ">
   <subfield code="a">INST</subfield>
   <subfield code="b">UNIPILB</subfield>
   <subfield code="c">SERIALS</subfield>
   <subfield code="e">20110606</subfield>
   <subfield code="h">Αλφαβητική σειρά</subfield>
   <subfield code="p">71883</subfield>
   <subfield code="q">71883</subfield>
   <subfield code="t">NOLOAN</subfield>
   <subfield code="v">τεύχ.3:(Μήνες)Μάιος/Ιούν.;(Έτος)2011</subfield>
   <subfield code="y">23</subfield>
  </datafield>
  <datafield tag="852" ind1=" " ind2=" ">
   <subfield code="a">INST</subfield>
   <subfield code="b">UNIPILB</subfield>
   <subfield code="c">SERIALS</subfield>
   <subfield code="e">20120522</subfield>
   <subfield code="h">Αλφαβητική σειρά</subfield>
   <subfield code="p">75541</subfield>
   <subfield code="q">75541</subfield>
   <subfield code="t">NOLOAN</subfield>
   <subfield code="v">τεύχ.2:(Μήνες)Μάρ./Απρ.;(Έτος)2012</subfield>
   <subfield code="y">23</subfield>
  </datafield>
  <datafield tag="852" ind1=" " ind2=" ">
   <subfield code="a">INST</subfield>
   <subfield code="b">UNIPILB</subfield>
   <subfield code="c">SERIALS</subfield>
   <subfield code="e">20120702</subfield>
   <subfield code="h">Αλφαβητική σειρά</subfield>
   <subfield code="p">75876</subfield>
   <subfield code="q">75876</subfield>
   <subfield code="t">NOLOAN</subfield>
   <subfield code="v">τεύχ.1:(Μήνες)Ιαν./Φεβ.;(Έτος)2012</subfield>
   <subfield code="y">23</subfield>
  </datafield>
  <datafield tag="852" ind1=" " ind2=" ">
   <subfield code="a">INST</subfield>
   <subfield code="b">UNIPILB</subfield>
   <subfield code="c">SERIALS</subfield>
   <subfield code="e">20130705</subfield>
   <subfield code="h">Αλφαβητική σειρά</subfield>
   <subfield code="p">80267</subfield>
   <subfield code="q">80267</subfield>
   <subfield code="t">NOLOAN</subfield>
   <subfield code="v">τεύχ.1:(Μήνες)Ιαν./Μαρτ./Απρ.;(Έτος)2013</subfield>
   <subfield code="y">23</subfield>
  </datafield>
  <datafield tag="852" ind1=" " ind2=" ">
   <subfield code="a">INST</subfield>
   <subfield code="b">UNIPILB</subfield>
   <subfield code="c">SERIALS</subfield>
   <subfield code="e">20140114</subfield>
   <subfield code="h">Αλφαβητική σειρά</subfield>
   <subfield code="p">81849</subfield>
   <subfield code="q">81849</subfield>
   <subfield code="t">NOLOAN</subfield>
   <subfield code="v">τεύχ.3:(Μήνες)Σεπτέμβριος-Δεκέμβριος;(Έτος)2013</subfield>
   <subfield code="y">23</subfield>
  </datafield>
  <datafield tag="852" ind1=" " ind2=" ">
   <subfield code="a">INST</subfield>
   <subfield code="b">UNIPILB</subfield>
   <subfield code="c">SERIALS</subfield>
   <subfield code="e">20141016</subfield>
   <subfield code="h">Αλφαβητική σειρά</subfield>
   <subfield code="p">85261</subfield>
   <subfield code="q">85261</subfield>
   <subfield code="t">NOLOAN</subfield>
   <subfield code="v">τεύχ.2:(Μήνες)Μαϊ./Αυγ.;(Έτος)2014</subfield>
   <subfield code="y">23</subfield>
  </datafield>
  <datafield tag="852" ind1=" " ind2=" ">
   <subfield code="a">INST</subfield>
   <subfield code="b">UNIPILB</subfield>
   <subfield code="c">SERIALS</subfield>
   <subfield code="e">20150121</subfield>
   <subfield code="h">Αλφαβητική σειρά</subfield>
   <subfield code="p">85596</subfield>
   <subfield code="q">85596</subfield>
   <subfield code="t">NOLOAN</subfield>
   <subfield code="v">τεύχ.3:(Μήνες)Σεπτ./Δεκ.;(Έτος)2014</subfield>
   <subfield code="y">23</subfield>
  </datafield>
  <datafield tag="852" ind1=" " ind2=" ">
   <subfield code="a">INST</subfield>
   <subfield code="b">UNIPILB</subfield>
   <subfield code="c">SERIALS</subfield>
   <subfield code="e">20150506</subfield>
   <subfield code="h">Αλφαβητική σειρά</subfield>
   <subfield code="p">86376</subfield>
   <subfield code="q">86376</subfield>
   <subfield code="t">NOLOAN</subfield>
   <subfield code="v">τεύχ.1:(Μήνες)Ιαν./Απρ.;(Έτος)2015</subfield>
   <subfield code="y">23</subfield>
  </datafield>
  <datafield tag="852" ind1=" " ind2=" ">
   <subfield code="a">INST</subfield>
   <subfield code="b">UNIPILB</subfield>
   <subfield code="c">SERIALS</subfield>
   <subfield code="e">20150825</subfield>
   <subfield code="h">Αλφαβητική σειρά</subfield>
   <subfield code="p">86871</subfield>
   <subfield code="q">86871</subfield>
   <subfield code="t">NOLOAN</subfield>
   <subfield code="v">τεύχ.2:(Μήνες)Μαϊος/Αύγουστος;(Έτος)2015</subfield>
   <subfield code="y">23</subfield>
  </datafield>
  <datafield tag="852" ind1=" " ind2=" ">
   <subfield code="a">INST</subfield>
   <subfield code="b">UNIPILB</subfield>
   <subfield code="c">SERIALS</subfield>
   <subfield code="e">20180925</subfield>
   <subfield code="h">Αλφαβητική σειρά</subfield>
   <subfield code="p">92695</subfield>
   <subfield code="q">92695</subfield>
   <subfield code="t">NOLOAN</subfield>
   <subfield code="v">τεύχ.6:(Μήνες)Νοέμ./Δεκ.;(Έτος)2008</subfield>
   <subfield code="y">23</subfield>
  </datafield>
  <datafield tag="852" ind1=" " ind2=" ">
   <subfield code="a">INST</subfield>
   <subfield code="b">UNIPILB</subfield>
   <subfield code="c">SERIALS</subfield>
   <subfield code="e">20180925</subfield>
   <subfield code="h">Αλφαβητική σειρά</subfield>
   <subfield code="p">92696</subfield>
   <subfield code="q">92696</subfield>
   <subfield code="t">NOLOAN</subfield>
   <subfield code="v">τεύχ.3:(Μήνες)Ιούν./Ιούλ.;(Έτος)2015</subfield>
   <subfield code="y">23</subfield>
  </datafield>
  <datafield tag="852" ind1=" " ind2=" ">
   <subfield code="a">INST</subfield>
   <subfield code="b">UNIPILB</subfield>
   <subfield code="c">SERIALS</subfield>
   <subfield code="e">20180925</subfield>
   <subfield code="h">Αλφαβητική σειρά</subfield>
   <subfield code="p">92697</subfield>
   <subfield code="q">92697</subfield>
   <subfield code="t">NOLOAN</subfield>
   <subfield code="v">τεύχ.4:(Μήνες)Αύγ./Σεπ.;(Έτος)2015</subfield>
   <subfield code="y">23</subfield>
  </datafield>
  <datafield tag="852" ind1=" " ind2=" ">
   <subfield code="a">INST</subfield>
   <subfield code="b">UNIPILB</subfield>
   <subfield code="c">SERIALS</subfield>
   <subfield code="e">20180925</subfield>
   <subfield code="h">Αλφαβητική σειρά</subfield>
   <subfield code="p">92698</subfield>
   <subfield code="q">92698</subfield>
   <subfield code="t">NOLOAN</subfield>
   <subfield code="v">τεύχ.5:(Μήνες)Οκτ./Νοέμ.;(Έτος)2015</subfield>
   <subfield code="y">23</subfield>
  </datafield>
  <datafield tag="852" ind1=" " ind2=" ">
   <subfield code="a">INST</subfield>
   <subfield code="b">UNIPILB</subfield>
   <subfield code="c">SERIALS</subfield>
   <subfield code="e">20180925</subfield>
   <subfield code="h">Αλφαβητική σειρά</subfield>
   <subfield code="p">92699</subfield>
   <subfield code="q">92699</subfield>
   <subfield code="t">NOLOAN</subfield>
   <subfield code="v">τεύχ.6:(Μήνες)Δεκ./Ιαν.;(Έτος)2015</subfield>
   <subfield code="y">23</subfield>
  </datafield>
  <datafield tag="852" ind1=" " ind2=" ">
   <subfield code="a">INST</subfield>
   <subfield code="b">UNIPILB</subfield>
   <subfield code="c">SERIALS</subfield>
   <subfield code="e">20180925</subfield>
   <subfield code="h">Αλφαβητική σειρά</subfield>
   <subfield code="p">92700</subfield>
   <subfield code="q">92700</subfield>
   <subfield code="t">NOLOAN</subfield>
   <subfield code="v">τεύχ.1:(Μήνες)Φεβ./Μάρ.;(Έτος)2016</subfield>
   <subfield code="y">23</subfield>
  </datafield>
  <datafield tag="852" ind1=" " ind2=" ">
   <subfield code="a">INST</subfield>
   <subfield code="b">UNIPILB</subfield>
   <subfield code="c">SERIALS</subfield>
   <subfield code="e">20180925</subfield>
   <subfield code="h">Αλφαβητική σειρά</subfield>
   <subfield code="p">92701</subfield>
   <subfield code="q">92701</subfield>
   <subfield code="t">NOLOAN</subfield>
   <subfield code="v">τεύχ.2:(Μήνες)Απρ./Μάιος;(Έτος)2016</subfield>
   <subfield code="y">23</subfield>
  </datafield>
  <datafield tag="852" ind1=" " ind2=" ">
   <subfield code="a">INST</subfield>
   <subfield code="b">UNIPILB</subfield>
   <subfield code="c">SERIALS</subfield>
   <subfield code="e">20180925</subfield>
   <subfield code="h">Αλφαβητική σειρά</subfield>
   <subfield code="p">92702</subfield>
   <subfield code="q">92702</subfield>
   <subfield code="t">NOLOAN</subfield>
   <subfield code="v">τεύχ.3:(Μήνες)Ιούν./Ιούλ.;(Έτος)2016</subfield>
   <subfield code="y">23</subfield>
  </datafield>
  <datafield tag="852" ind1=" " ind2=" ">
   <subfield code="a">INST</subfield>
   <subfield code="b">UNIPILB</subfield>
   <subfield code="c">SERIALS</subfield>
   <subfield code="e">20180925</subfield>
   <subfield code="h">Αλφαβητική σειρά</subfield>
   <subfield code="p">92703</subfield>
   <subfield code="q">92703</subfield>
   <subfield code="t">NOLOAN</subfield>
   <subfield code="v">τεύχ.4:(Μήνες)Αύγ./Σεπ.;(Έτος)2016</subfield>
   <subfield code="y">23</subfield>
  </datafield>
  <datafield tag="852" ind1=" " ind2=" ">
   <subfield code="a">INST</subfield>
   <subfield code="b">UNIPILB</subfield>
   <subfield code="c">SERIALS</subfield>
   <subfield code="e">20180925</subfield>
   <subfield code="h">Αλφαβητική σειρά</subfield>
   <subfield code="p">92704</subfield>
   <subfield code="q">92704</subfield>
   <subfield code="t">NOLOAN</subfield>
   <subfield code="v">τεύχ.6:(Μήνες)Δεκ./Ιαν.;(Έτος)2016</subfield>
   <subfield code="y">23</subfield>
  </datafield>
  <datafield tag="856" ind1="4" ind2="1">
   <subfield code="u">http://www.army.gr/</subfield>
  </datafield>
  <datafield tag="900" ind1=" " ind2=" ">
   <subfield code="a">Τχ. 1 (Φεβ./Μάρ. 2019)</subfield>
   <subfield code="b">Αν/μενοISS</subfield>
   <subfield code="c">11/07/2020</subfield>
  </datafield>
  <datafield tag="900" ind1=" " ind2=" ">
   <subfield code="a">Τχ. 6 (Νοέμ./Δεκ. 2009)</subfield>
   <subfield code="b">Οφειλόμενο</subfield>
   <subfield code="c">15/04/2010</subfield>
  </datafield>
  <datafield tag="900" ind1=" " ind2=" ">
   <subfield code="a">Τχ. 1 (Ιαν./Φεβ. 2010)</subfield>
   <subfield code="b">Οφειλόμενο</subfield>
   <subfield code="c">17/06/2010</subfield>
  </datafield>
  <datafield tag="900" ind1=" " ind2=" ">
   <subfield code="a">Τχ. 4 (Ιούλ./Αύγ. 2011)</subfield>
   <subfield code="b">Οφειλόμενο</subfield>
   <subfield code="c">13/01/2012</subfield>
  </datafield>
  <datafield tag="900" ind1=" " ind2=" ">
   <subfield code="a">Τχ. 5 (Σεπ./Οκτ. 2011)</subfield>
   <subfield code="b">Οφειλόμενο</subfield>
   <subfield code="c">22/05/2012</subfield>
  </datafield>
  <datafield tag="900" ind1=" " ind2=" ">
   <subfield code="a">Τχ. 6 (Νοέμ./Δεκ. 2011)</subfield>
   <subfield code="b">Οφειλόμενο</subfield>
   <subfield code="c">22/05/2012</subfield>
  </datafield>
  <datafield tag="900" ind1=" " ind2=" ">
   <subfield code="a">Τχ. 3 (Μάιος/Ιούν. 2012)</subfield>
   <subfield code="b">Οφειλόμενο</subfield>
   <subfield code="c">01/11/2012</subfield>
  </datafield>
  <datafield tag="900" ind1=" " ind2=" ">
   <subfield code="a">Τχ. 4 (Ιούλ./Αύγ. 2012)</subfield>
   <subfield code="b">Οφειλόμενο</subfield>
   <subfield code="c">09/07/2013</subfield>
  </datafield>
  <datafield tag="900" ind1=" " ind2=" ">
   <subfield code="a">Τχ. 5 (Σεπ./Οκτ. 2012)</subfield>
   <subfield code="b">Οφειλόμενο</subfield>
   <subfield code="c">09/07/2013</subfield>
  </datafield>
  <datafield tag="900" ind1=" " ind2=" ">
   <subfield code="a">Τχ. 6 (Νοέμ./Δεκ. 2012)</subfield>
   <subfield code="b">Οφειλόμενο</subfield>
   <subfield code="c">09/07/2013</subfield>
  </datafield>
  <datafield tag="900" ind1=" " ind2=" ">
   <subfield code="a">Τχ. 2 (Μάιος-Αύγουστος 2013)</subfield>
   <subfield code="b">Οφειλόμενο</subfield>
   <subfield code="c">27/08/2013</subfield>
  </datafield>
  <datafield tag="900" ind1=" " ind2=" ">
   <subfield code="a">Τχ. 4 (Οκτ./Νοέμ. 2013)</subfield>
   <subfield code="b">Οφειλόμενο</subfield>
   <subfield code="c">13/06/2017</subfield>
  </datafield>
  <datafield tag="900" ind1=" " ind2=" ">
   <subfield code="a">Τχ. 5 (Δεκ./Ιαν. 2013)</subfield>
   <subfield code="b">Οφειλόμενο</subfield>
   <subfield code="c">13/06/2017</subfield>
  </datafield>
  <datafield tag="900" ind1=" " ind2=" ">
   <subfield code="a">Τχ. 1 (Φεβ./Μάρ. 2014)</subfield>
   <subfield code="b">Οφειλόμενο</subfield>
   <subfield code="c">13/06/2017</subfield>
  </datafield>
  <datafield tag="900" ind1=" " ind2=" ">
   <subfield code="a">Τχ. 4 (Αύγ./Σεπ. 2014)</subfield>
   <subfield code="b">Οφειλόμενο</subfield>
   <subfield code="c">13/06/2017</subfield>
  </datafield>
  <datafield tag="900" ind1=" " ind2=" ">
   <subfield code="a">Τχ. 5 (Οκτ./Νοέμ. 2014)</subfield>
   <subfield code="b">Οφειλόμενο</subfield>
   <subfield code="c">13/06/2017</subfield>
  </datafield>
  <datafield tag="900" ind1=" " ind2=" ">
   <subfield code="a">Τχ. 6 (Δεκ./Ιαν. 2014)</subfield>
   <subfield code="b">Οφειλόμενο</subfield>
   <subfield code="c">13/06/2017</subfield>
  </datafield>
  <datafield tag="900" ind1=" " ind2=" ">
   <subfield code="a">Τχ. 5 (Οκτ./Νοέμ. 2016)</subfield>
   <subfield code="b">Οφειλόμενο</subfield>
   <subfield code="c">25/09/2018</subfield>
  </datafield>
  <datafield tag="900" ind1=" " ind2=" ">
   <subfield code="a">Τχ. 1 (Φεβ./Μάρ. 2017)</subfield>
   <subfield code="b">Οφειλόμενο</subfield>
   <subfield code="c">25/09/2018</subfield>
  </datafield>
  <datafield tag="900" ind1=" " ind2=" ">
   <subfield code="a">Τχ. 2 (Απρ./Μάιος 2017)</subfield>
   <subfield code="b">Οφειλόμενο</subfield>
   <subfield code="c">25/09/2018</subfield>
  </datafield>
  <datafield tag="900" ind1=" " ind2=" ">
   <subfield code="a">Τχ. 3 (Ιούν./Ιούλ. 2017)</subfield>
   <subfield code="b">Οφειλόμενο</subfield>
   <subfield code="c">25/09/2018</subfield>
  </datafield>
  <datafield tag="900" ind1=" " ind2=" ">
   <subfield code="a">Τχ. 4 (Αύγ./Σεπ. 2017)</subfield>
   <subfield code="b">Οφειλόμενο</subfield>
   <subfield code="c">25/09/2018</subfield>
  </datafield>
  <datafield tag="900" ind1=" " ind2=" ">
   <subfield code="a">Τχ. 5 (Οκτ./Νοέμ. 2017)</subfield>
   <subfield code="b">Οφειλόμενο</subfield>
   <subfield code="c">25/09/2018</subfield>
  </datafield>
  <datafield tag="900" ind1=" " ind2=" ">
   <subfield code="a">Τχ. 6 (Δεκ./Ιαν. 2017)</subfield>
   <subfield code="b">Οφειλόμενο</subfield>
   <subfield code="c">25/09/2018</subfield>
  </datafield>
  <datafield tag="900" ind1=" " ind2=" ">
   <subfield code="a">Τχ. 1 (Φεβ./Μάρ. 2018)</subfield>
   <subfield code="b">Οφειλόμενο</subfield>
   <subfield code="c">25/09/2018</subfield>
  </datafield>
  <datafield tag="900" ind1=" " ind2=" ">
   <subfield code="a">Τχ. 2 (Απρ./Μάιος 2018)</subfield>
   <subfield code="b">Οφειλόμενο</subfield>
   <subfield code="c">08/11/2019</subfield>
  </datafield>
  <datafield tag="900" ind1=" " ind2=" ">
   <subfield code="a">Τχ. 3 (Ιούν./Ιούλ. 2018)</subfield>
   <subfield code="b">Οφειλόμενο</subfield>
   <subfield code="c">13/01/2020</subfield>
  </datafield>
  <datafield tag="900" ind1=" " ind2=" ">
   <subfield code="a">Τχ. 4 (Αύγ./Σεπ. 2018)</subfield>
   <subfield code="b">Οφειλόμενο</subfield>
   <subfield code="c">09/03/2020</subfield>
  </datafield>
  <datafield tag="900" ind1=" " ind2=" ">
   <subfield code="a">Τχ. 5 (Οκτ./Νοέμ. 2018)</subfield>
   <subfield code="b">Αν/μενοISS</subfield>
   <subfield code="c">10/03/2020</subfield>
  </datafield>
  <datafield tag="900" ind1=" " ind2=" ">
   <subfield code="a">Τχ. 6 (Δεκ./Ιαν. 2018)</subfield>
   <subfield code="b">Αν/μενοISS</subfield>
   <subfield code="c">10/05/2020</subfield>
  </datafield>
  <datafield tag="950" ind1=" " ind2=" ">
   <subfield code="a">01/01/2004</subfield>
   <subfield code="c">ΔΩΡΕΑ ΠΕΡΙΟΔΙΚΩΝ</subfield>
   <subfield code="d">104</subfield>
  </datafield>
  <datafield tag="951" ind1=" " ind2=" ">
   <subfield code="a">'Ενθετο : Στρατιωτικές οικογένειες</subfield>
   <subfield code="b">Supplements</subfield>
  </datafield>
  <datafield tag="951" ind1=" " ind2=" ">
   <subfield code="a">Έτος 2004</subfield>
   <subfield code="b">Indexes</subfield>
  </datafield>
  <datafield tag="951" ind1=" " ind2=" ">
   <subfield code="a">()</subfield>
   <subfield code="b">Main run</subfield>
  </datafield>
  <datafield tag="951" ind1=" " ind2=" ">
   <subfield code="a">1 (Ιαν./Φεβ. 2004) -  6 (Νοέμ./Δεκ. 2004)</subfield>
   <subfield code="b">Main run</subfield>
  </datafield>
  <datafield tag="951" ind1=" " ind2=" ">
   <subfield code="a">1 (Ιαν./Φεβ. 2005) -  6 (Νοέμ./Δεκ. 2005)</subfield>
   <subfield code="b">Main run</subfield>
  </datafield>
  <datafield tag="951" ind1=" " ind2=" ">
   <subfield code="a">1 (Ιαν./Φεβ. 2006) -  6 (Νοέμ./Δεκ. 2006)</subfield>
   <subfield code="b">Main run</subfield>
  </datafield>
  <datafield tag="951" ind1=" " ind2=" ">
   <subfield code="a">1 (Ιαν./Φεβ. 2007) -  6 (Νοέμ./Δεκ. 2007)</subfield>
   <subfield code="b">Main run</subfield>
  </datafield>
  <datafield tag="951" ind1=" " ind2=" ">
   <subfield code="a">1 (Ιαν./Φεβ. 2008) -  6 (Νοέμ./Δεκ. 2008)</subfield>
   <subfield code="b">Main run</subfield>
  </datafield>
  <datafield tag="951" ind1=" " ind2=" ">
   <subfield code="a">1 (Ιαν./Φεβ. 2009) -  5 (Σεπ./Οκτ. 2009)</subfield>
   <subfield code="b">Main run</subfield>
  </datafield>
  <datafield tag="951" ind1=" " ind2=" ">
   <subfield code="a">2 (Μάρ./Απρ. 2010) -  6 (Νοέμ./Δεκ. 2010)</subfield>
   <subfield code="b">Main run</subfield>
  </datafield>
  <datafield tag="951" ind1=" " ind2=" ">
   <subfield code="a">1 (Ιαν./Φεβ. 2011) -  3 (Μάιος/Ιούν. 2011)</subfield>
   <subfield code="b">Main run</subfield>
  </datafield>
  <datafield tag="951" ind1=" " ind2=" ">
   <subfield code="a">1 (Ιαν./Φεβ. 2012) -  2 (Μάρ./Απρ. 2012)</subfield>
   <subfield code="b">Main run</subfield>
  </datafield>
  <datafield tag="951" ind1=" " ind2=" ">
   <subfield code="a">1   (Ιαν./Μαρτ./Απρ. 2013)</subfield>
   <subfield code="b">Main run</subfield>
  </datafield>
  <datafield tag="951" ind1=" " ind2=" ">
   <subfield code="a">3   (Σεπτέμβριος-Δεκέμβριος 2013)</subfield>
   <subfield code="b">Main run</subfield>
  </datafield>
  <datafield tag="951" ind1=" " ind2=" ">
   <subfield code="a">2   (Μαϊ./Αυγ. 2014)</subfield>
   <subfield code="b">Main run</subfield>
  </datafield>
  <datafield tag="951" ind1=" " ind2=" ">
   <subfield code="a">3   (Σεπτ./Δεκ. 2014)</subfield>
   <subfield code="b">Main run</subfield>
  </datafield>
  <datafield tag="951" ind1=" " ind2=" ">
   <subfield code="a">1   (Ιαν./ Απρ. 2015)</subfield>
   <subfield code="b">Main run</subfield>
  </datafield>
  <datafield tag="951" ind1=" " ind2=" ">
   <subfield code="a">2   (Μαϊος/Αύγουστος 2015)</subfield>
   <subfield code="b">Main run</subfield>
  </datafield>
  <datafield tag="951" ind1=" " ind2=" ">
   <subfield code="a">Τχ. 1 (Ιαν./Απρ. 2017)</subfield>
   <subfield code="b">Main run</subfield>
  </datafield>
  <datafield tag="951" ind1=" " ind2=" ">
   <subfield code="a">Τχ. 3/2016 (ΣΕΠ-ΔΕΚ)</subfield>
   <subfield code="b">Main run</subfield>
  </datafield>
  <datafield tag="951" ind1=" " ind2=" ">
   <subfield code="a">Τχ. 2 (Μαϊος - Αυγούστος 2017)</subfield>
   <subfield code="b">Main run</subfield>
  </datafield>
  <datafield tag="951" ind1=" " ind2=" ">
   <subfield code="a">Τχ. 3 (Σεμπ.-Δεκ.2017)</subfield>
   <subfield code="b">Main run</subfield>
  </datafield>
  <datafield tag="951" ind1=" " ind2=" ">
   <subfield code="a">3 (Ιούν./Ιούλ. 2015) -  6 (Δεκ./Ιαν. 2015)</subfield>
   <subfield code="b">Main run</subfield>
  </datafield>
  <datafield tag="951" ind1=" " ind2=" ">
   <subfield code="a">1 (Φεβ./Μάρ. 2016) -  4 (Αύγ./Σεπ. 2016)</subfield>
   <subfield code="b">Main run</subfield>
  </datafield>
  <datafield tag="951" ind1=" " ind2=" ">
   <subfield code="a">6 (Δεκ./Ιαν. 2016)</subfield>
   <subfield code="b">Main run</subfield>
  </datafield>
  <datafield tag="951" ind1=" " ind2=" ">
   <subfield code="a">Τευχ. 3, 2018</subfield>
   <subfield code="b">Main run</subfield>
  </datafield>
  <datafield tag="951" ind1=" " ind2=" ">
   <subfield code="a">Τχ. 1 (Ιανουάριος 2019)</subfield>
   <subfield code="b">Main run</subfield>
  </datafield>
  <datafield tag="951" ind1=" " ind2=" ">
   <subfield code="a">Τεύχ. 1, 2020</subfield>
   <subfield code="b">Main run</subfield>
  </datafield>
  <datafield tag="951" ind1=" " ind2=" ">
   <subfield code="a">Ένθετο : Βαλκανικοί πόλεμοι 1912-13 :Σεπτ./Οκτ.</subfield>
   <subfield code="b">Supplements</subfield>
  </datafield>
  <datafield tag="951" ind1=" " ind2=" ">
   <subfield code="a">Ένθετο : H παγκόσμια ασφάλεια</subfield>
   <subfield code="b">Supplements</subfield>
  </datafield>
  <datafield tag="951" ind1=" " ind2=" ">
   <subfield code="a">Ένθετο : Ολυμπιακοί αγώνες</subfield>
   <subfield code="b">Supplements</subfield>
  </datafield>
  <datafield tag="951" ind1=" " ind2=" ">
   <subfield code="a">Ένθετο : 29ο Σύνταγμα πεζικού &quot;Πόγραδετς&quot; : Η ιστορία του και οι διοικητές του</subfield>
   <subfield code="b">Supplements</subfield>
  </datafield>
  <datafield tag="951" ind1=" " ind2=" ">
   <subfield code="a">Ένθετο : Οχυρό Εχινού</subfield>
   <subfield code="b">Supplements</subfield>
  </datafield>
  <datafield tag="951" ind1=" " ind2=" ">
   <subfield code="a">Ένθετο : Τελετή Λήξης Ολυμπιακών Αγώνων</subfield>
   <subfield code="b">Supplements</subfield>
  </datafield>
  <datafield tag="951" ind1=" " ind2=" ">
   <subfield code="a">Ένθετο : Στρατηγική αντιμετώπισης επικείμενων απειλών</subfield>
   <subfield code="b">Supplements</subfield>
  </datafield>
  <datafield tag="952" ind1=" " ind2=" ">
   <subfield code="a">(Ιούλ./Σεπτ.)1990, (Σεπτ./Οκτ.)1996, (Σεπτ./Οκτ.)1997, (Μάρτ./Απρίλ.)1998</subfield>
  </datafield>
  <datafield tag="952" ind1=" " ind2=" ">
   <subfield code="a">(Ιαν., Φεβρ., Απρίλ., Οκτ./Δεκ.)1977, (Ιούλ.)1980, (Απρίλ.)1984,(Μάϊος)1986,</subfield>
  </datafield>
 </record>
</collection>
